Comercio exterior de Veracruz : 1778-1821 : crisis de dependencia /

En este estudio se habla de la evolución del comercio exterior veracruzano, la política comercial metropolitana; la reacción mexicana a dicha política y los factores internos y externos que la configuraron.

Αποθηκεύτηκε σε:
Λεπτομέρειες βιβλιογραφικής εγγραφής
Κύριος συγγραφέας: Ortiz de la Tabla Ducasse, Javier (autor)
Μορφή: Βιβλίο
Γλώσσα:Ισπανικά
Σειρά:(Publicaciones de la Escuela de Estudios Hispano-Americanos de Sevilla ; 243)
Θέματα:
Ετικέτες: Προσθήκη ετικέτας
Δεν υπάρχουν, Καταχωρήστε ετικέτα πρώτοι!

MARC

LEADER 00000nam^a2200000^a^4500
001 000126622
005 20250521000000.0
009 20260310094733.43
020 |a 84-00-03765-0 
037 |a Acervo ITESO - Biblioteca 
041 |a ESP 
082 |a 972. 6203  |b ORT 
100 |a Ortiz de la Tabla Ducasse, Javier  |e (autor) 
245 1 0 |a Comercio exterior de Veracruz :  |b 1778-1821 : crisis de dependencia /  |c J. Ortiz de la Tabla Ducasse ; pról. de José Antonio Calderón Quijano. 
264 |a Sevilla, España :  |b Escuela de Estudios Hispanoamericanos de Sevilla,  |c 1978 
300 |a XXVII, 456 p. 
336 |a texto  |b txt  |2 rdacontenido 
337 |a sin mediación  |b n  |2 rdamedio 
338 |a volumen  |b nc  |2 rdasoporte 
440 1 |a (Publicaciones de la Escuela de Estudios Hispano-Americanos de Sevilla ;  |v 243) 
520 |a En este estudio se habla de la evolución del comercio exterior veracruzano, la política comercial metropolitana; la reacción mexicana a dicha política y los factores internos y externos que la configuraron. 
649 |a XX 
650 |a Comercio Exterior -  |z México 
650 |a Comercio -  |z Veracruz -  |x Historia -  |x Tema Principal 
650 |a Comercio -  |z México -  |x Historia 
650 |a Economía -  |z Veracruz -  |x Historia 
650 |a Economía -  |z México -  |x Historia 
650 |a Veracruz -  |x Historia -  |y Virreinato, 1535-1821 
650 |a Veracruz -  |x Historia -  |y Epoca Colonial, 1517-1821 
650 |a México -  |x Historia -  |y Virreinato, 1535-1821 
650 |a México -  |x Historia -  |y Epoca Colonial, 1517-1821 
650 |a España -  |x Historia -  |y Siglo XVIII 
650 |a España -  |x Historia -  |y Siglo XIX 
910 |a Fondo Salvador Reynoso Reynoso 
920 |a Impresos - Libros 
930 |a Fondos Especiales 
905 |a 112 
901 |a 0800009222  |b IT2  |c ESP  |u 20250521 
902 |a https://opac.biblio.iteso.mx/vufind/Record/000126622